| 000 | 00887nam a2200253 i 4500 | ||
|---|---|---|---|
| 001 | 164214 | ||
| 003 | ES-MaACL | ||
| 005 | 20231229062534.0 | ||
| 008 | 170706s1986 sp |||| | spa d | ||
| 020 | _a84-206-4131-6 | ||
| 100 | 1 |
_aOrtega y Gasset, José, _d1883-1955 _987503 |
|
| 245 | 1 | 0 |
_aSobre la caza, los toros y el toreo / _cOrtega y Gasset. |
| 250 | _a1ª ed. en "Obras de José Ortega y Gasset". | ||
| 260 |
_aMadrid : _bRevista de Occidente en Alianza Editorial, _c1986. |
||
| 300 |
_a169 p. ; _c18 cm. |
||
| 490 | 1 |
_aObras de José Ortega y Gasset ; _v31 |
|
| 598 | _aColección editada por Paulino Garagorri. | ||
| 650 | 4 |
_aCaza. _910857 |
|
| 650 | 4 |
_aCorridas de toros. _911370 |
|
| 700 | 1 |
_aGaragorri, Paulino, _d1916-2007 _953911 |
|
| 830 | 1 |
_aObras de José Ortega y Gasset ; _v31 _9181562 |
|
| 852 |
_aES-MaACL _jL-31829 |
||
| 999 |
_c164214 _d164214 |
||